000 00209nam a2200097Ia 4500
008 190216s9999||||xx |||||||||||||| ||und||
100 _aSeikran K S
245 0 _aOur Use Fal Plants
260 _bNull
942 _cBK
999 _c1381
_d1381